New powers : (Record no. 15367)

000 -LEADER
fixed length control field 01538cam a2200373 a 4500
001 - CONTROL NUMBER
control field 16147541
005 - DATE AND TIME OF LATEST TRANSACTION
control field 20170105102916.0
008 - FIXED-LENGTH DATA ELEMENTS--GENERAL INFORMATION
fixed length control field 100322s2010 nyu b 001 0 eng
010 ## - LIBRARY OF CONGRESS CONTROL NUMBER
LC control number 2010011776
020 ## - INTERNATIONAL STANDARD BOOK NUMBER
International Standard Book Number 9781849040778 (alk. paper)
035 ## - SYSTEM CONTROL NUMBER
System control number (OCoLC)ocn569552262
040 ## - CATALOGING SOURCE
Original cataloging agency DLC
Transcribing agency DLC
Modifying agency YDX
-- CDX
-- YDXCP
-- DLC
042 ## - AUTHENTICATION CODE
Authentication code pcc
043 ## - GEOGRAPHIC AREA CODE
Geographic area code a-cc---
-- a-ii---
-- s-bl---
050 00 - LIBRARY OF CONGRESS CALL NUMBER
Classification number JC364
Item number .N37 2010
082 00 - DEWEY DECIMAL CLASSIFICATION NUMBER
Classification number 327.09172/4
Edition number 22
100 1# - MAIN ENTRY--PERSONAL NAME
Personal name Narlikar, Amrita.
245 10 - TITLE STATEMENT
Title New powers :
Remainder of title how to become one and how to manage them /
Statement of responsibility, etc. Amrita Narlikar.
260 ## - PUBLICATION, DISTRIBUTION, ETC.
Place of publication, distribution, etc. New York :
Name of publisher, distributor, etc. Columbia University Press,
Date of publication, distribution, etc. c2010.
300 ## - PHYSICAL DESCRIPTION
Extent x, 199 p. ;
Dimensions 23 cm.
490 0# - SERIES STATEMENT
Series statement Crises in world politics
504 ## - BIBLIOGRAPHY, ETC. NOTE
Bibliography, etc. note Includes bibliographical references (p. 177-191) and index.
505 0# - FORMATTED CONTENTS NOTE
Formatted contents note Bargaining for a raise? New powers in the international system -- India : when no means no -- China : a snark or a boojum? -- Brazil : does being not feared make one loved? -- Conclusion : tall poppies and doormats.
650 #0 - SUBJECT ADDED ENTRY--TOPICAL TERM
Topical term or geographic name entry element Middle powers
Form subdivision Case studies.
651 #0 - SUBJECT ADDED ENTRY--GEOGRAPHIC NAME
Geographic name India
General subdivision Politics and government
Chronological subdivision 1977-
651 #0 - SUBJECT ADDED ENTRY--GEOGRAPHIC NAME
Geographic name India
General subdivision Foreign relations
Chronological subdivision 1984-
651 #0 - SUBJECT ADDED ENTRY--GEOGRAPHIC NAME
Geographic name China
General subdivision Politics and government
Chronological subdivision 2002-
651 #0 - SUBJECT ADDED ENTRY--GEOGRAPHIC NAME
Geographic name China
General subdivision Foreign relations
Chronological subdivision 1976-
651 #0 - SUBJECT ADDED ENTRY--GEOGRAPHIC NAME
Geographic name Brazil
General subdivision Politics and government
Chronological subdivision 2003-
651 #0 - SUBJECT ADDED ENTRY--GEOGRAPHIC NAME
Geographic name Brazil
General subdivision Foreign relations
Chronological subdivision 1985-
906 ## - LOCAL DATA ELEMENT F, LDF (RLIN)
a 7
b cbc
c orignew
d 1
e ecip
f 20
g y-gencatlg
942 ## - ADDED ENTRY ELEMENTS (KOHA)
Source of classification or shelving scheme
Koha item type Book
Holdings
Withdrawn status Lost status Damaged status Not for loan Collection code Permanent Location Current Location Shelving location Date acquired Total Checkouts Full call number Barcode Date last seen Price effective from Koha item type
          Centre for International Peace & Stability (CIPS) Centre for International Peace & Stability (CIPS) General Stacks 10/02/2013   327.091724 NAR 2010 CIPS0001982 11/28/2013 11/28/2013 Book
© 2023 Central Library, National University of Sciences and Technology. All Rights Reserved.